000 00634cam a22002172a 4500
001 000396
003 AR-FADEU
008 311216n1990####xxu####################dd
020 _a84-309-1561-3
092 _a142.8
_bH114-2
100 _aHabermas, Jürgen
245 _aLa lógica de las ciencias sociales
250 _a2a. ed
260 _aMadrid
260 _bTecnos
260 _c1990
300 _a506 p
440 _aCuadernos de filosofía y ensayo
650 _aSOCIOLOGIA CONTEMPORANEA; SOCIOLOGIA-HABERMAS; TEORIA SOCIOLOGICA; HERMENEUTICA; TEORIA DEL CONOCIMIENTO; FUNCIONALISMO-CIENCIAS SOCIALES
942 _cBDGR
999 _c6237
_d6237